000 01090nac a22003137a 4500
001 BR0704594
003 BR-BrBNA
005 20240105123447.0
008 230509b bl.|||m| |||| 00| 0 por d
040 _aBR-BrBNA
_bpor
_cBiblioteca Nacional de Agricultura
072 _aF01; F30
090 _a0120 BR0704594
100 1 _aMiranda, P.
100 1 _aRuschel, R.
100 1 _aPaterniani, E.
110 1 _aInstituto de Pesquisas Agronômicas, Recife, PE (Brasil)
_96142
245 1 _aAvaliação de famílias de meios-irmãos do milho (Zea mays L.)centralmex, para produção de grãos e óleo
260 3 _aRecife, PE (Brasil):
_c1976.
300 _a37 p.
490 _aBoletim Técnico - Instituto de Pesquisas Agronômicas (Brazil)
_vno. 76
_x
500 _a6 tables; 25 ref.; Summaries (En, Pt); Documento microfilmado e tratado BR7306976
650 _aMILHO
650 _aZEA MAYS
650 _aÓLEO VEGETAL
650 _aMELHORAMENTO GENÉTICO VEGETAL
650 _aPRODUÇÃO VEGETAL
909 _a202312
_bLúcia Elande
_c55
_dLúcia Elande
942 _2AGRIS
_n0
_cMS
999 _c295554
_d295554